LEADER 00986nas a2200229 i 4500 001 000000161813 003 CaOOAMICUS 005 20070529000000.0 008 070529b2004 pl uu u0 0pol r 013 $a139177 040 $aSeMil$bita 245 10$a2004 : [3]. 260 $aLublin :$bWydawnictwo KUL, Katolicki Uniwersytet Lubelski,$c2004. 300 $a138 p., [1] c. di tav., [6] p. di tav. ;$c24 cm. 500 $aArticoli con sintesi in inglese [Summary] in coda ; formulazione parallela in inglese del sommario. 773 0 $tZeszyty Naukowe.$dLublin : KUL, Katolicki Uniwersytet Lubelski, 1958.$x0044-4405$w()3146 774 0 $t[vedi periodico].$w()266524 850 $aSeMil 852 $aSeMil$W1$xVenegono$y1$m127 2 36$j113190$B113190$CSeMilBibl$Z2$F123769 $85 961 $aCambio: Scuola Cattolica 996 $6245$a2004 : [3]$9(OLS)http://semarc/title/145140 996 $6260$aLublin :$bWydawnictwo KUL, Katolicki Uniwersytet Lubelski$9(OLS)http://semarc/publisher/44448 LEADER 00681nam a2200169 i 4500 001 000000243932 003 CaOOAMICUS 005 20150727000000.0 008 150727s1851 it u000 u fre u 013 $a222837 040 $aSeMil$bita 245 10$aTome 1. 300 $axxiv, 430, 232 p., [1] c. di tav. :$britr. 773 0 $aFenelon, François $tOeuvres completes de Fénelon, archevêque de Cambrai.$dParis : J. Leroux et Jouby ; Gaume & Cie. : [poi]... Méquignon junior, 1848-1852.$g1$w()28221 850 $aSeMil 852 $aSeMil$W1$xVenegono$y1$m3F VII 1 FA$j194278$B194278$CSeMilBibl$Z2$F204889 $8I 996 $6245$aTome 1$9(OLS)http://semarc/title/1447